[Event "IECG CB.2003.0.00076 email"]
[Site "IECG email"]
[Date "2003.04.12"]
[Round "1"]
[White "Depalma, Angelo"]
[Black "Milde, Lars"]
[Result "0-1"]
[WhiteElo "1924"]
[BlackElo "1839"]
[PlyCount "32"]
[EventDate "2003.04.12"]
[EventType "tourn (corr)"]
[EventRounds "6"]
[SourceTitle "Corr 2008"]
[Source "ChessBase"]
[SourceDate "2008.06.24"]
[SourceVersion "1"]
[SourceVersionDate "2008.06.24"]
[SourceQuality "1"]

1. e4 e5 2. Bc4 Nf6 3. d3 Nc6 4. Nc3 h6 5. a3 Bc5 6. Nf3 a6 7. 0-0 d6 8. h3 0-0 9. Ne2 Be6 10. Bxe6 fxe6 11. Kh1 d5 12. Ng3 dxe4 13. dxe4 Qxd1 14. Rxd1 Bxf2 15. Kh2 Rad8 16. Bd2 Bxg3+ 0-1